| 000 | 01379nam a2200301 i 4500 | ||
|---|---|---|---|
| 999 |
_c65184 _d65184 |
||
| 001 | 768714001 | ||
| 003 | CO-MdFUSB | ||
| 005 | 20200225150300.0 | ||
| 007 | ta | ||
| 008 | 190904t2016 ck adc|| |||| 00| 0 spa d | ||
| 020 | _a[No incluye ISBN] | ||
| 040 |
_aCO-MdFUSB _bspa _cCO-MdFUSB _dCO-MdFUSBC _erda |
||
| 041 | _aspa | ||
| 090 | _aAV 0070 | ||
| 110 | _aConfederación Evangélica de Colombia. | ||
| 245 | 1 |
_aManual para ser una iglesia que transforme sociedad : _bherramientas para ser gestores y actores sociales. _c/ Confederación Evangélica de Colombia. |
|
| 264 | 1 |
_aBogotá, Colombia : _bConfederación Evangélica de Colombia, _c[2016] |
|
| 264 | 4 | _c© 2016 | |
| 300 |
_a40 páginas _c; 22 cm _bIlustraciones |
||
| 336 |
_2rdacontent _atexto _btxt |
||
| 337 |
_2rdamedia _asin mediación _bn |
||
| 338 |
_2rdacarrier _avolumen _bnc |
||
| 505 | _aPlan Nacional de Desarrollo 2014-2018- artículo 244. -- Entrevista a la Coordinadora Nacional de Asuntos religiosos del Ministerio del Interior- Lorena Ríos Cuellar, Directrices para las Entidades Religiosas y Organizaciones Basadas en la fe. -- Herramientas para la planeación, participación ciudadana y gestión de proyectos por parte de las Entidades Religiosas y Organizaciones Basadas en la fe. | ||
| 563 | _aRústico. | ||
| 650 | 0 |
_91177 _aIglesia y problemas sociales |
|
| 942 | _cAV | ||
| 945 | _aJTF-925 | ||